00487nam a22001577a 450000500170000001000150001702000270003203500140005903700130007308200150008624500800010126000450018127000640022630000200029050000190031020190805113143.0 aENG-126126 a9780199493524c1495.00 aEN-109658 bDBAD/PUB a954.035092 aThe Oxford India Gandhi:bessential writingscedited by Gopalkrishna Gandhi bOxford University PressaNew Delhic2019 a2/11 Ground floor,Ansari RoadbDaryaganj, New Delhie110002 a863p.c22cm(Hb) aincludes index